| 000 | 00475nam a2200181Ia 4500 | ||
|---|---|---|---|
| 001 | 23304 | ||
| 005 | 20260414150928.0 | ||
| 008 | 260414t2010||||xx |||||||||||||| ||spa|| | ||
| 041 | _aESP | ||
| 082 |
_a629.04 _bT78 V. 1 |
||
| 110 | _aTransportation Research Board of the National Academies | ||
| 245 | 0 |
_aHCM 2010 : _bhigway capacity manual |
|
| 260 | _c2010 | ||
| 300 |
_avarias paginaciones : _c29 cm. |
||
| 650 | _aTCA | ||
| 654 | _aCII | ||
| 942 |
_cLIB _dJUS _fJUS _2ddc _n |
||
| 999 |
_c23304 _d23304 |
||